000 00529nam a2200193Ia 4500
003 LK-CoDNM
005 20240314115543.0
008 010623t1938 xxu||||| |||| 00| 1 sin d
040 _aLK-CoDNM
_dLK-CoDNM
_eLK-CoDNM
041 _asin
080 _a104 EE23
100 _aHughes
245 _aසාමාන්‍ය මූලික විද්‍යාව
246 _aElementary General Science.Book II
260 _bBlaki Sons
_aColombo
_c1938
300 _bDamaged
_aXi,175p.,19 cm
700 _aPanton
942 _cBK
999 _c99144
_d99144